| 000 | 01014nam a2200205Ia 4500 | ||
|---|---|---|---|
| 003 | Ost | ||
| 005 | 20260507075310.0 | ||
| 008 | 260507s9999||||xx |||||||||||||| ||und|| | ||
| 040 | _cfsecg | ||
| 041 | _aara | ||
| 100 |
_aصالح حسن، غادة _eمؤلف |
||
| 245 | 0 |
_aدراسة الجدوى / _c غادة صالح حسن |
|
| 260 |
_aالاسكندرية: _bالوفاء, _c2008 |
||
| 300 |
_a197 صفحة؛ _bإيضاحات ؛ _c24 سم |
||
| 520 | _aالتعريف بدراسة الجدوى ، دراسة السوق من الناحية الفنية ، الدراسة التمويلية ، دراسة الربحية التجارية ، دراسة الجدوى الاقتصادية و الجدوى الاجتماعية ، تقويم جدوى المشروعات في ظا عدم التاكد ، التحليل المالي للمشروعات الاستثمارية . | ||
| 653 | _aالإقتصاد | ||
| 653 | _aالتمويل | ||
| 653 | _aالمشاريع الإستثمارية | ||
| 942 | _cكتاب | ||
| 999 |
_c43858 _d43858 |
||